000 00562nam a22001937a 4500
003 Ost
005 20220426121554.0
008 220426b |||||||| |||| 00| 0 eng d
020 _a9781441996138
040 _cBT-PhCST
050 _a24328-24329
082 _222
_a620.00285
_bRED
100 _aReddy, Agami T.
245 _aApplied data analysis and modeling for energy engineers and scientists :
260 _aUSA :
_bSpringer-New York Dordrecht Heidelberg,
_cc2011
300 _axxi, 430 p. :
_bill. ;
_c28 cm.
500 _aIncludes index.
942 _2ddc
_cEE
999 _c8334
_d8334